[Event "EU-ch Cities&Town U18 op"]
[Site "Tornelo INT"]
[Date "2023.01.29"]
[Round "?"]
[White "Korchevskyi, Volodymyr"]
[Black "Sahin, Zeynep Duru"]
[Result "0-1"]
[WhiteElo "1244"]
[BlackElo "1385"]
[PlyCount "110"]
[EventDate "2023.01.29"]
[EventType "team-swiss"]
[EventRounds "9"]
[EventCountry "NET"]
[SourceTitle "CBM 212 Extra"]
[Source "ChessBase"]
[SourceDate "2023.03.31"]
[SourceVersion "1"]
[SourceVersionDate "2023.03.31"]
[SourceQuality "1"]
[WhiteTeam "Lvov"]
[BlackTeam "Istanbul"]
[WhiteTeamCountry "UKR"]
[BlackTeamCountry "TUR"]

1. e4 e6 2. d4 d5 3. e5 c5 4. c3 Nc6 5. Nf3 Qb6 6. Bd3 Bd7 7. Bc2 cxd4 8. cxd4 Nb4 9. Nc3 Nxc2+ 10. Qxc2 Ne7 11. 0-0 Nf5 12. Be3 Bb4 13. a3 Bxc3 14. bxc3 0-0 15. Rab1 Qc7 16. Qb3 b6 17. Rfc1 Rac8 18. Bg5 h6 19. Be3 Nxe3 20. fxe3 f6 21. Rc2 Be8 22. Rf1 Bg6 23. Rcc1 Bd3 24. Rf2 Be4 25. Nd2 f5 26. Nxe4 fxe4 27. Rxf8+ Rxf8 28. Qc2 Qc4 29. Re1 Rc8 30. Rc1 b5 31. Kf2 Rf8+ 32. Kg1 Rc8 33. Kf2 a5 34. Qd1 b4 35. axb4 axb4 36. Qg4 Qc6 37. Rc2 bxc3 38. h4 Rf8+ 39. Kg3 Kh7 40. h5 Rf5 41. Qg6+ Kg8 42. Rxc3 Qxc3 43. Qxe6+ Rf7 44. Qe8+ Rf8 45. Qe6+ Kh8 46. Qd6 Qxe3+ 47. Kh2 Qf4+ 48. g3 Qf2+ 49. Kh3 Qf1+ 50. Kh4 Qh1+ 51. Kg4 Qf3+ 52. Kh4 e3 53. e6 e2 54. e7 Qe4+ 55. Kh3 Re8 0-1

[Event "EU-ch Cities&Town U18 op"]
[Site "Tornelo INT"]
[Date "2023.01.29"]
[Round "?"]
[White "Korchevskyi, Volodymyr"]
[Black "Tcaciuc, Smaranda Maria"]
[Result "1-0"]
[WhiteElo "1244"]
[BlackElo "1105"]
[PlyCount "53"]
[EventDate "2023.01.29"]
[EventType "team-swiss"]
[EventRounds "9"]
[EventCountry "NET"]
[SourceTitle "CBM 212 Extra"]
[Source "ChessBase"]
[SourceDate "2023.03.31"]
[SourceVersion "1"]
[SourceVersionDate "2023.03.31"]
[SourceQuality "1"]
[WhiteTeam "Lvov"]
[BlackTeam "Iasi"]
[WhiteTeamCountry "UKR"]
[BlackTeamCountry "ROU"]

1. e4 c5 2. c3 e6 3. d4 d5 4. exd5 exd5 5. Bb5+ Nc6 6. Nf3 Nf6 7. 0-0 Bg4 8. Bg5 Be7 9. Qa4 Bd7 10. Ne5 Qc7 11. Re1 0-0 12. Nxc6 Bxc6 13. Bxc6 bxc6 14. Nd2 Rfe8 15. Nf3 Ne4 16. Bxe7 Rxe7 17. Ne5 Re6 18. f3 cxd4 19. cxd4 Nf6 20. Rac1 Rc8 21. b4 Qb6 22. b5 c5 23. Nc6 cxd4 24. Ne7+ Rxe7 25. Rxc8+ Ne8 26. Rxe8+ Rxe8 27. Rxe8# 1-0

[Event "EU-ch Cities&Town U18 op"]
[Site "Tornelo INT"]
[Date "2023.01.29"]
[Round "?"]
[White "Ozugur, Bartu Okan"]
[Black "Korchevskyi, Volodymyr"]
[Result "0-1"]
[WhiteElo "1177"]
[BlackElo "1244"]
[PlyCount "108"]
[EventDate "2023.01.29"]
[EventType "team-swiss"]
[EventRounds "9"]
[EventCountry "NET"]
[SourceTitle "CBM 212 Extra"]
[Source "ChessBase"]
[SourceDate "2023.03.31"]
[SourceVersion "1"]
[SourceVersionDate "2023.03.31"]
[SourceQuality "1"]
[WhiteTeam "Ankara"]
[BlackTeam "Lvov"]
[WhiteTeamCountry "TUR"]
[BlackTeamCountry "UKR"]

1. e4 c5 2. Nf3 e6 3. d4 cxd4 4. Nxd4 Nf6 5. Nc3 a6 6. e5 Nd5 7. Nxd5 exd5 8. Nf3 Qa5+ 9. Bd2 Qc7 10. Bc3 b5 11. Qxd5 Bb7 12. Qd1 Bc5 13. Be2 0-0 14. 0-0 Nc6 15. a3 Rad8 16. Qd2 d6 17. exd6 Bxd6 18. Qg5 f6 19. Qh4 Rfe8 20. Bd3 h6 21. Qh5 Ne5 22. Nxe5 Bxe5 23. Bxe5 Rxe5 24. Qg6 Rg5 25. Qh7+ Kf7 26. f3 Qc5+ 27. Kh1 Re8 28. h4 Rg3 29. Qf5 Qxf5 30. Bxf5 Re2 31. Bh3 Rxc2 32. Rad1 Bc8 33. Bxc8 Rxc8 34. Rd7+ Ke6 35. Rfd1 Rc2 36. R7d2 Rxd2 37. Rxd2 g5 38. h5 f5 39. Kh2 f4 40. b4 g4 41. fxg4 Rxg4 42. Re2+ Kf6 43. Kg1 Rg3 44. Rf2 Kg5 45. Rxf4 Kxf4 46. a4 bxa4 47. b5 axb5 48. Kh1 a3 49. Kg1 a2 50. Kh2 Rxg2+ 51. Kxg2 a1Q 52. Kh2 Qb2+ 53. Kh3 Qa2 54. Kh4 Qh2# 0-1

[Event "Chernonograd Katsan Memorial 2nd"]
[Site "Chernonograd"]
[Date "2023.01.22"]
[Round "8"]
[White "Soroka, Denys"]
[Black "Korchevskyi, Volodymyr"]
[Result "1-0"]
[WhiteElo "1624"]
[BlackElo "1524"]
[PlyCount "41"]
[EventDate "2023.01.22"]
[EventType "swiss"]
[EventRounds "9"]
[EventCountry "UKR"]
[SourceTitle "CBM 212 Extra"]
[Source "ChessBase"]
[SourceDate "2023.03.31"]
[SourceVersion "1"]
[SourceVersionDate "2023.03.31"]
[SourceQuality "1"]

1. d4 Nf6 2. c4 e6 3. d5 Bc5 4. Nc3 0-0 5. Bg5 h6 6. Bh4 d6 7. e4 c6 8. Be2 cxd5 9. cxd5 Qb6 10. Qc2 Na6 11. Bxf6 Bxf2+ 12. Kf1 Bxg1 13. Rxg1 gxf6 14. a3 Nc5 15. b4 Nd7 16. Qd2 Kh7 17. g4 Rg8 18. Rg3 Nf8 19. Rh3 Rg6 20. Rc1 f5 21. exf5 1-0

[Event "Brody Bryvko Memorial 2nd"]
[Site "Brody"]
[Date "2022.12.11"]
[Round "9"]
[White "Medvedyk, Volodymyr"]
[Black "Korchevskyi, Volodymyr"]
[Result "1-0"]
[WhiteElo "2158"]
[BlackElo "1244"]
[PlyCount "49"]
[EventDate "2022.12.11"]
[EventType "swiss (blitz)"]
[EventRounds "9"]
[EventCountry "UKR"]
[SourceTitle "CBM 211 Extra"]
[Source "ChessBase"]
[SourceDate "2023.01.31"]
[SourceVersion "1"]
[SourceVersionDate "2023.01.31"]
[SourceQuality "1"]

1. c4 e6 2. g3 b6 3. Bg2 Nc6 4. a3 Bb7 5. d4 d5 6. Nf3 Nf6 7. Nc3 dxc4 8. Ne5 Nd5 9. Qa4 Qd6 10. Bf4 g5 11. Nxd5 exd5 12. Nxc4 Qe7 13. Ne5 gxf4 14. Nxc6 Qd7 15. Rc1 Bh6 16. Rc2 0-0 17. 0-0 fxg3 18. fxg3 Be3+ 19. Kh1 Bxc6 20. Rxc6 Bxd4 21. Rg6+ fxg6 22. Qxd7 Rxf1+ 23. Bxf1 Rf8 24. Qxd5+ Rf7 25. Bh3 1-0